000 00316nam a2200133 i 4500
001 bg
100 1 _aWIĘCKOWSKA, Z.
245 0 _aĆwiczenia laboratoryjne z fizyki /
_cZ. Więckowska.
260 _aWarszawa,
_c1962.
040 _cBPK
041 _apol
942 _cKS
008 s pl f |000 0 pol
999 _c10420
_d10420
856 _uhttp://koha.tu.koszalin.pl/cgi-bin/koha/opac-detail.pl?biblionumber=10420
_yKatalog online BPK